000 00437nam a2200157 a 4500
005 20140310183333.0
008 060825s19uu xx 00 eng d
020 _a0471405442
050 _aTX 715
_b.Am50847 2002
245 _aAmerican regional cuisine /
260 _aU.S.A :
_bJohn Wiley & Sons,
_c2002.
300 _a542 p. :
_bill. (some col. ) ;
_c25 cm.
650 _aCookery, American.
942 _cBK
_2lcc
_kFOR
999 _c21604
_d21604